Werder Bremen Kader - 2006/2007 - Statistiken

Allgemein
  • Dieses Quiz wurde 54 mal gespielt
  • Das Durchschnittsergebnis liegt bei 22 aus 33
Antwortstatistiken
Position Spieler % Korrekt
TW Tim Wiese
100%
MIT Torsten Frings
100%
MIT Diego
98%
ANG Miroslav Klose
95%
VER Per Mertesacker
95%
VER Naldo
93%
MIT Frank Baumann
86%
ANG Markus Rosenberg
86%
MIT Tim Borowski
86%
ANG Ivan Klasnic
84%
ANG Hugo Almeida
82%
TW Christian Vander
80%
VER Clemens Fritz
77%
VER Christian Schulz
75%
TW Andreas Reinke
73%
MIT Jurica Vranjes
73%
VER Patrick Owomoyela
73%
VER Petri Pasanen
73%
VER Pierre Womé
73%
MIT Aaron Hunt
68%
MIT Daniel Jensen
68%
TW Kasper Jensen
68%
MIT Peter Niemeyer
57%
ANG Martin Harnik
52%
ANG Mohamed Zidan
50%
VER Frank Fahrenhorst
43%
MIT Leon Andreasen
39%
MIT Kevin Schindler
36%
MIT Amaury Bischoff
27%
VER Jerome Polenz
23%
MIT Kevin Artmann
23%
VER Florian Mohr
16%
VER Sebastian Schachten
7%
Keine übereinstimmenden Quizze gefunden
Verteilung der Resultate
Anzahl Personen mit jedem Resultat
Perzentil nach korrekt beantworteten Fragen
Ihre Resultats-Entwicklung
Sie haben dieses Quiz noch nicht gespielt